000 00214nam a2200097Ia 4500
008 220204s9999 xx 000 0 und d
082 _a82-3
_bEDE
100 _aEden, Dorothy
245 0 _aSalamanca drum
942 _cBK
999 _c33538
_d33538